Adminisprudence (Record no. 26915)

MARC details
000 -LEADER
fixed length control field 00358nam a2200157Ia 4500
020 ## - INTERNATIONAL STANDARD BOOK NUMBER
ISBN 9780290079
050 ## - CALL MARK
Classification number KP 83.3 .U3/
100 ## - STATEMENT OF RESPONSIBILITY--MAIN AUTHOR NAME
Personal name Udom Elijah Udoh
245 #0 - TITLE STATEMENT
Title Adminisprudence
260 ## - PUBLICATION, DISTRIBUTION, ETC. (IMPRINT)
Year of publication 1998
300 ## - PHYSICAL DESCRIPTION
Number of Pages 593 p
650 ## - SUBJECT ADDED ENTRY--TOPICAL TERM
Topical Term Behaveioural Approach
942 ## - ADDED ENTRY ELEMENTS (KOHA)
Koha item type Books
Holdings
Withdrawn status Lost status Source of classification or shelving scheme Damaged status Not for loan Permanent Location Current Location Date acquired Accession Number Price effective from Koha item type
    Library of Congress Classification     Law Library Law Library 04/23/2025 0186510 04/23/2025 Books